| 000 | 00707nam a22001697a 4500 | ||
|---|---|---|---|
| 008 | 140624b2008 ho ||||| |||| 00| 0 spa d | ||
| 090 |
_a01171 _bII 2015 |
||
| 100 |
_aAmador Sabillon, Laura Gabriela _997 |
||
| 245 |
_a Auditorias en 125 proyectos de mejoras en Caracol Knits / _c Laura Gabriela Amador Sabillon, |
||
| 260 |
_aHonduras, San Pedro Sula : _bUniversidad de San Pedro Sula, _c2015. |
||
| 300 | _a66 p. | ||
| 502 |
_aLicenciatura en Ingeniería Industrial / _cUniversidad de San Pedro Sula. |
||
| 650 |
_aINGENIERÍA INDUSTRIAL _9681 |
||
| 650 |
_aAUDITORIAS EN 125 PROYECTOS DE MEJORAS _91263 |
||
| 650 |
_a CARACOL KNITS _91039 |
||
| 942 |
_2ddc _cMN _h01171 II 2015 _601171_II_201500000000000 |
||
| 999 |
_c10681 _d10681 |
||